ბათუმის შოთა რუსთაველის სახელმწიფო უნივერსიტეტის ბიბლიოთეკა

Зоолгия Беспозвоночных. Функциональные и эволюционные аспекеы. В 4-х томатх т.4 (ბიბ.ჩანაწერი № 35229)

000 -LEADER
fixed length control field 00750nam a2200229Ia 4500
001 - CONTROL NUMBER
control field 1075
003 - CONTROL NUMBER IDENTIFIER
control field GE_BSU
008 - FIXED-LENGTH DATA ELEMENTS--GENERAL INFORMATION
fixed length control field 181216s||||||||xx |||||||||||||| ||und||
020 ## - INTERNATIONAL STANDARD BOOK NUMBER
International Standard Book Number 9785769534973
040 ## - CATALOGING SOURCE
Transcribing agency GE_BSU
080 ## - UNIVERSAL DECIMAL CLASSIFICATION NUMBER
Universal Decimal Classification number 59(075.8)
245 ## - TITLE STATEMENT
Title Зоолгия Беспозвоночных. Функциональные и эволюционные аспекеы. В 4-х томатх т.4
245 ## - TITLE STATEMENT
Remainder of title Циклонейралии,щулальцевые и вторичноротые.Пер. сангл..Учебник
245 ## - TITLE STATEMENT
Statement of responsibility, etc. Под.ред. В.В.Малахова
260 ## - PUBLICATION, DISTRIBUTION, ETC.
Place of publication, distribution, etc. Москва
260 ## - PUBLICATION, DISTRIBUTION, ETC.
Name of publisher, distributor, etc. Академия
260 ## - PUBLICATION, DISTRIBUTION, ETC.
Date of publication, distribution, etc. 2008
300 ## - PHYSICAL DESCRIPTION
Extent 350 с.
653 ## - INDEX TERM--UNCONTROLLED
Uncontrolled term Зоология
942 ## - ADDED ENTRY ELEMENTS (KOHA)
Koha item type წიგნი
ეგზემპლარები
Withdrawn status Lost status Damaged status Not for loan Date acquired Barcode Date last seen Price effective from Koha item type Public note
        2018-12-17 2551 2018-12-17 2018-12-17 წიგნი დარბაზი
        2018-12-17 2552 2018-12-17 2018-12-17 წიგნი დარბაზი
        2018-12-17 2553 2018-12-17 2018-12-17 წიგნი საცავი
        2018-12-17 2554 2018-12-17 2018-12-17 წიგნი საცავი
        2018-12-17 2555 2018-12-17 2018-12-17 წიგნი საცავი
        2018-12-17 2556 2018-12-17 2018-12-17 წიგნი საცავი
        2018-12-17 2557 2018-12-17 2018-12-17 წიგნი საცავი
        2018-12-17 2558 2018-12-17 2018-12-17 წიგნი საცავი
        2018-12-17 2559 2018-12-17 2018-12-17 წიგნი საცავი
        2018-12-17 2560 2018-12-17 2018-12-17 წიგნი საცავი